[Event "EICC 2021"]
[Site "Reykjavik"]
[Date "2021.08.30"]
[Round "5.29"]
[White "Thybo, Jesper Sondergaard"]
[Black "Gretarsson, Helgi Ass"]
[Result "1-0"]
[WhiteElo "2587"]
[BlackElo "2447"]
[Annotator "TA"]
[PlyCount "73"]
[EventDate "2021.08.26"]
[EventType "swiss"]
[EventCountry "ISL"]
[Tiebreak "Cut1 Buchholz"]
[SourceTitle "playchess.com"]
[Source "ChessBase"]
[SourceQuality "1"]

{[%evp 9,73,-9,62,56,51,49,65,39,63,52,52,39,60,16,72,65,65,62,203,195,183,191,
214,188,196,208,184,179,195,179,177,138,309,315,316,309,362,342,318,342,300,
262,265,251,330,272,327,337,343,329,350,321,360,380,657,645,1185,1188,1196,
1185,1006,1178,1162,1170,1125,1128]} 1. d4 d5 2. c4 dxc4 3. e3 e5 4. Bxc4 Nc6
5. d5 Nce7 ({Black should play} 5... Na5 $1 $11) 6. Qb3 {D20: Queen's Gambit
Accepted: 3 e3 and 3 e4.} Qd6 7. Nf3 a6 8. a4 {White is slightly better.} Nf6
9. Nc3 Ng6 10. h4 Be7 11. Bd2 h5 (11... h6 $11 {remains equal.}) 12. Ng5 $16
O-O {[#]} 13. Bd3 $146 ({Predecessor:} 13. Rc1 Bf5 14. Qxb7 e4 15. Qc6 Qd8 16.
d6 Bxd6 17. Ngxe4 Nxe4 18. Nxe4 Ne7 19. Nf6+ gxf6 {0-1 (27) Alarcon Bahamondes,
R (2244)-Perez Gormaz,M (2230) Santiago de Chile 2014}) 13... Qb4 {[#]} (13...
Rd8 $14) 14. Qa2 $1 $18 {And now d6! would win.} Bd6 15. Nce4 Qb6 16. a5 $36 {
[%mdl 2048] White is really pushing.} Qa7 17. Nxf6+ gxf6 18. Ne4 Kg7 19. Ng3
Rh8 20. Be2 Bg4 $2 {This costs Black the game.} (20... Kf8 $16 21. Rc1 (21.
Nxh5 f5 $16) (21. Bxh5 Bd7 $16) 21... Ne7) 21. Bxg4 hxg4 22. Qa4 Kf8 23. Qxg4
Qc5 24. h5 Ne7 25. e4 Qb5 26. h6 {aiming for Qg7+.} Ng6 27. Bc3 Re8 28. Nf5 Rh7
29. g3 Bc5 30. Qf3 Ne7 31. Ng7 {[%mdl 64] [#] Discovered Attack} Ng8 $2 (31...
Rxg7 32. hxg7+ Kxg7) 32. Nxe8 {White is clearly winning.} Kxe8 33. Qf5 Rxh6 34.
Rxh6 Nxh6 35. Qc8+ {[%mdl 64] Double Attack} Ke7 36. Qxc7+ Kf8 37. O-O-O {
Weighted Error Value: White=0.09/Black=0.42} 1-0

[Event "EICC 2021"]
[Site "Reykjavik"]
[Date "2021.08.30"]
[Round "5.30"]
[White "Pantsulaia, Levan"]
[Black "Thorfinnsson, Bragi"]
[Result "1-0"]
[WhiteElo "2564"]
[BlackElo "2439"]
[Annotator "ChessBase"]
[PlyCount "105"]
[EventDate "2021.08.26"]
[EventType "swiss"]
[EventCountry "ISL"]
[Tiebreak "Cut1 Buchholz"]
[SourceTitle "playchess.com"]
[Source "ChessBase"]
[SourceQuality "1"]
[TimeControl "40/5400+30:1800+30"]

1. g3 {[%emt 0:00:04]} Nf6 {[%emt 0:03:07]} 2. Bg2 {[%emt 0:00:11]} d5 {
[%emt 0:00:59]} 3. c4 {[%emt 0:00:33]} e6 {[%emt 0:01:19]} 4. Nf3 {[%emt 0:00:
24]} Be7 {[%emt 0:01:55]} 5. O-O {[%emt 0:00:36]} O-O {[%emt 0:00:30]} 6. b3 {
[%emt 0:01:04]} c6 {[%emt 0:05:19]} 7. Bb2 {[%emt 0:01:56]} a5 {[%emt 0:00:44]}
8. Nc3 {[%emt 0:00:40]} Nbd7 {[%emt 0:04:36]} 9. d4 {[%emt 0:02:11]} Rb8 {
[%emt 0:04:58]} 10. Ne5 {[%emt 0:05:20]} Qb6 {[%emt 0:12:30]} 11. Rc1 {[%emt 0:
16:54]} Rd8 {[%emt 0:02:18]} 12. c5 {[%emt 0:03:08]} Qa6 {[%emt 0:06:25]} 13.
f4 {[%emt 0:00:20]} b5 {[%emt 0:03:36]} 14. cxb6 {[%emt 0:02:15]} Nxe5 {
[%emt 0:03:31]} 15. fxe5 {[%emt 0:01:33]} Nd7 {[%emt 0:00:07]} 16. Na4 {
[%emt 0:00:57]} Qb5 {[%emt 0:02:24]} 17. e4 {[%emt 0:18:52]} Nxb6 {[%emt 0:03:
03]} 18. Nc3 {[%emt 0:00:39]} Qa6 {[%emt 0:00:41]} 19. Rc2 {[%emt 0:00:05]} Bd7
{[%emt 0:03:12]} 20. Rcf2 {[%emt 0:01:26]} Rf8 {[%emt 0:02:25]} 21. Ne2 {
[%emt 0:02:47]} dxe4 {[%emt 0:07:44]} 22. Bxe4 {[%emt 0:01:22]} Nd5 {[%emt 0:
00:15]} 23. Bc1 {[%emt 0:01:35]} c5 {[%emt 0:09:03]} 24. Qc2 {[%emt 0:04:42]}
Bb5 {[%emt 0:04:58]} 25. Bxh7+ {[%emt 0:02:39]} Kh8 {[%emt 0:00:03]} 26. Rxf7 {
[%emt 0:00:59]} Rxf7 {[%emt 0:04:42]} 27. Rxf7 {[%emt 0:00:22]} Be8 {[%emt 0:
00:40]} 28. Bd3 {[%emt 0:20:10]} Qa7 {[%emt 0:02:16]} 29. Rf2 {[%emt 0:02:02]}
cxd4 {[%emt 0:01:24]} 30. Nf4 {[%emt 0:00:10]} Ne3 {[%emt 0:03:31]} 31. Qe2 {
[%emt 0:02:46]} Qc5 {[%emt 0:00:09]} 32. Bb2 {[%emt 0:00:21]} Qxe5 {[%emt 0:00:
58]} 33. Qf3 {[%emt 0:00:20]} Bf6 {[%emt 0:02:13]} 34. Bg6 {[%emt 0:01:13]} Kg8
{[%emt 0:01:05]} 35. Rd2 {[%emt 0:00:56]} Bxg6 {[%emt 0:03:10]} 36. Bxd4 {
[%emt 0:03:43]} Qc7 {[%emt 0:00:03]} 37. Bxe3 {[%emt 0:02:29]} Bf7 {[%emt 0:00:
52]} 38. Qe4 {[%emt 0:00:40]} Re8 {[%emt 0:02:04]} 39. Rc2 {[%emt 0:00:54]} Qd7
{[%emt 0:00:12]} 40. Rd2 {[%emt 0:00:15]} Qc7 {[%emt 0:00:12]} 41. h4 {[%emt 0:
03:32]} Be5 {[%emt 0:05:10]} 42. Kh2 {[%emt 0:01:57]} Bxf4 {[%emt 0:03:17]} 43.
Bxf4 {[%emt 0:06:46]} e5 {[%emt 0:00:42]} 44. Be3 {[%emt 0:00:11]} Qc3 {
[%emt 0:02:24]} 45. g4 {[%emt 0:00:55]} Be6 {[%emt 0:03:50]} 46. h5 {[%emt 0:
05:01]} Qb4 {[%emt 0:02:38]} 47. Qxb4 {[%emt 0:01:01]} axb4 {[%emt 0:00:02]}
48. Kg3 {[%emt 0:01:34]} Rc8 {[%emt 0:00:34]} 49. g5 {[%emt 0:00:13]} Bf5 {
[%emt 0:01:35]} 50. g6 {[%emt 0:00:23]} Bb1 {[%emt 0:00:26]} 51. Bc5 {[%emt 0:
00:55]} Ra8 {[%emt 0:01:04]} 52. Bxb4 {[%emt 0:00:37]} Bxa2 {[%emt 0:00:04]}
53. Rb2 {[%emt 0:00:12]} 1-0

[Event "EICC 2021"]
[Site "Reykjavik"]
[Date "2021.08.30"]
[Round "5.31"]
[White "Sanal, Vahap"]
[Black "Lubbe, Nikolas"]
[Result "1-0"]
[WhiteElo "2557"]
[BlackElo "2427"]
[Annotator "ChessBase"]
[PlyCount "45"]
[EventDate "2021.08.26"]
[EventType "swiss"]
[EventCountry "ISL"]
[Tiebreak "Cut1 Buchholz"]
[SourceTitle "playchess.com"]
[Source "ChessBase"]
[SourceQuality "1"]
[TimeControl "40/5400+30:1800+30"]

1. e4 {[%emt 0:00:04]} c5 {[%emt 0:00:11]} 2. Nc3 {[%emt 0:00:07]} e6 {[%emt 0:
00:31]} 3. g3 {[%emt 0:01:43]} d5 {[%emt 0:02:20]} 4. Bg2 {[%emt 0:00:11]} d4 {
[%emt 0:00:31]} 5. Nce2 {[%emt 0:00:07]} e5 {[%emt 0:01:12]} 6. d3 {[%emt 0:00:
08]} Bd6 {[%emt 0:00:41]} 7. f4 {[%emt 0:00:29]} Nc6 {[%emt 0:01:07]} 8. Nf3 {
[%emt 0:00:08]} Nge7 {[%emt 0:02:42]} 9. O-O {[%emt 0:00:21]} exf4 {[%emt 0:02:
09]} 10. gxf4 {[%emt 0:04:43]} f5 {[%emt 0:01:04]} 11. c3 {[%emt 0:04:45]} dxc3
{[%emt 0:16:11]} 12. Nxc3 {[%emt 0:03:24]} O-O {[%emt 0:28:50]} 13. Qb3+ {
[%emt 0:23:15]} Kh8 {[%emt 0:00:10]} 14. Ng5 {[%emt 0:03:53]} Qe8 {[%emt 0:04:
35]} 15. Be3 {[%emt 0:04:14]} fxe4 {[%emt 0:06:41]} 16. Nb5 {[%emt 0:04:03]}
Bb8 {[%emt 0:04:29]} 17. Bxc5 {[%emt 0:00:31]} Qg6 {[%emt 0:07:18]} 18. Qa3 {
[%emt 0:19:49]} Rf5 {[%emt 0:08:53]} 19. Bxe7 {[%emt 0:08:23]} Rxb5 {[%emt 0:
00:14]} 20. dxe4 {[%emt 0:05:36]} Bc7 {[%emt 0:02:38]} 21. Bd8 {[%emt 0:02:22]}
Kg8 {[%emt 0:05:14]} 22. Bxc7 {[%emt 0:00:20]} h6 {[%emt 0:00:06]} 23. Nf3 {
[%emt 0:02:06]} 1-0

[Event "EICC 2021"]
[Site "Reykjavik"]
[Date "2021.08.30"]
[Round "5.32"]
[White "Kulaots, Kaido"]
[Black "Mazur, Stefan"]
[Result "1-0"]
[WhiteElo "2548"]
[BlackElo "2416"]
[Annotator "TA"]
[PlyCount "55"]
[EventDate "2021.08.26"]
[EventType "swiss"]
[EventCountry "ISL"]
[Tiebreak "Cut1 Buchholz"]
[SourceTitle "playchess.com"]
[Source "ChessBase"]
[SourceQuality "1"]

{[%evp 14,55,25,27,56,72,65,66,62,62,69,68,68,63,65,64,66,62,68,81,46,54,91,56,
87,29,22,16,192,0,0,0,334,335,605,269,281,265,819,838,1049,803,2049,2025]} 1.
e4 e5 2. Nf3 Nc6 3. Bb5 a6 4. Ba4 Nf6 5. O-O Be7 6. Re1 b5 7. Bb3 O-O 8. a4 {
[%cal Ba2a4,Ba4b5][%mdl 32]} d5 {C88: Closed Ruy Lopez: Anti-Marshall Systems.}
9. axb5 dxe4 10. bxc6 exf3 {White is slightly better.} 11. Qxf3 e4 12. Qe2 Bd6
{White should prevent ...Bxh2+!} 13. h3 Re8 14. Nc3 Re5 15. Ra4 {[%cal Rc3e4]}
Bxh3 {...Rg5 is the strong threat.} 16. Nxe4 (16. gxh3 Qc8 $18) 16... Bg4 {[#]}
17. Qe3 $146 ({Predecessor:} 17. Qf1 Nxe4 18. Raxe4 Rxe4 19. Rxe4 Qh4 20. g3
Qh5 21. Bxf7+ Kxf7 22. Qc4+ Kf8 23. Rxg4 {1/2-1/2 (34) Blomqvist,E (2537)
-Andersen,M (2585) chess24.com INT 2020}) 17... Qe7 {Hoping for ...Bc5.} 18. d3
Re8 19. Bd2 (19. Qf4 $16) 19... Bf5 $1 $11 {[%cal Rf5e4]} 20. Qf3 {aiming for
Bc3.} (20. Rxa6 $2 Nxe4 21. d4 (21. dxe4 $2 Rxe4 22. Qxe4 Bxe4 $19) 21... Qh4
$1 $19) 20... Bg4 $2 (20... Nxe4 $11 21. dxe4 Bxe4 22. Rexe4 Rxe4 23. Bxf7+
Qxf7 24. Rxe4 Qxf3 25. gxf3 (25. Rxe8+ Kf7 $11) 25... Kf7) 21. Qe3 $2 (21.
Nxf6+ $18 Qxf6 22. Rxe5 Qxe5 23. Qxf7+ Kh8 24. g3) 21... Bf5 $1 {[%cal Rf5e4]}
22. Qf3 $36 {[%mdl 2048] White has some pressure.} (22. Rxa6 $2 Nxe4 23. d4 (
23. dxe4 $2 Rxe4 24. Qxe4 Bxe4 $19) 23... Qh4 $1 $19) 22... Ng4 $2 {[%mdl 8192]
} (22... Bg4 $11 {and Black has nothing to worry.} 23. Nxf6+ Qxf6 24. Rxe5 Qxe5
25. Qxf7+ Kh8) 23. Bf4 Qh4 $2 {[#]} (23... g6 24. Bxe5 (24. Rxa6 Bxe4 25. Qxg4
Bf5 $18) 24... Bxe5) 24. Bg3 (24. Bxf7+ $142 $1 {[%mdl 512]} Kxf7 25. Bxe5 {
[%mdl 64] Discovered Attack} Bxe5 26. Qxf5+ Kg8 27. Ng3 Qxg3 28. fxg3 Bd4+ 29.
Rxd4 Rxe1+ {[#]} 30. Qf1 $3 {[%mdl 512]} Rxf1+ 31. Kxf1) 24... Qh5 $18 25. Bxe5
({Resist} 25. Rxa6 $6 Bxe4 26. Rxe4 (26. dxe4 Rf5 $16) 26... Rxe4 $18) 25...
Bxe5 (25... Rxe5 26. Qh3 Qg6) 26. Ng3 {[%mdl 64] Double Attack. White is
clearly winning.} Qh2+ 27. Kf1 h5 28. Qxf5 {[%mdl 64] Double Attack.  Weighted
Error Value: White=0.44/Black=0.57} 1-0

[Event "EICC 2021"]
[Site "Reykjavik"]
[Date "2021.08.30"]
[Round "5.33"]
[White "Kacharava, Nikolozi"]
[Black "Martinovic, Sasa"]
[Result "1-0"]
[WhiteElo "2453"]
[BlackElo "2548"]
[Annotator "RC"]
[PlyCount "77"]
[EventDate "2021.08.26"]
[EventType "swiss"]
[EventCountry "ISL"]
[Tiebreak "Cut1 Buchholz"]
[SourceTitle "playchess.com"]
[Source "ChessBase"]
[SourceQuality "1"]
[TimeControl "40/5400+30:1800+30"]

1. e4 {[%emt 0:00:25]} c5 {[%emt 0:00:04]} 2. Nf3 {[%emt 0:00:32]} d6 {[%emt 0:
00:04]} 3. d4 {[%emt 0:00:35]} cxd4 {[%emt 0:00:03]} 4. Nxd4 {[%emt 0:00:27]}
Nf6 {[%emt 0:00:05]} 5. Nc3 {[%emt 0:00:42]} a6 {[%emt 0:00:03]} 6. h3 {
[%emt 0:00:38]} e5 {[%emt 0:00:06]} 7. Nb3 {[%emt 0:00:35]} Be7 {[%emt 0:00:08]
} 8. Be3 {[%emt 0:00:28]} h6 {[%emt 0:00:17]} 9. g4 {[%emt 0:06:36]} b5 {
[%emt 0:00:37]} 10. Qf3 {[%emt 0:02:51]} Qc7 {[%emt 0:01:35]} 11. O-O-O {
[%emt 0:04:19]} b4 {[%emt 0:00:27]} 12. Nd5 {[%emt 0:00:24]} Nxd5 {[%emt 0:00:
06]} 13. exd5 {[%emt 0:00:09]} a5 {[%emt 0:00:38]} 14. Nd2 {[%emt 0:02:50]} a4
{[%emt 0:03:23]} 15. Nc4 {[%emt 0:04:08]} Nd7 {[%emt 0:06:02]} 16. Kb1 {
[%emt 0:04:04]} Ba6 {[%emt 0:32:22]} 17. b3 {[%emt 0:00:57]} Bh4 {[%emt 0:01:
18]} 18. Rg1 {[%emt 0:09:54]} Bg5 {[%emt 0:03:51]} 19. h4 {[%emt 0:09:33]} Bxe3
{[%emt 0:00:04]} 20. fxe3 {[%emt 0:04:57]} Nb6 {[%emt 0:04:50]} 21. Nxb6 {
[%emt 0:02:23]} Qxb6 {[%emt 0:00:19]} 22. g5 {[%emt 0:02:38]} h5 {[%emt 0:08:
54]} 23. g6 {[%emt 0:01:26]} f6 {[%emt 0:00:12]} 24. Bxa6 {[%emt 0:06:28]} Qxa6
{[%emt 0:01:02]} 25. Rd2 {[%emt 0:01:38]} Ke7 {[%emt 0:01:57]} 26. Rgg2 {
[%emt 0:05:26]} Ra7 {[%emt 0:15:30]} 27. Rd1 {[%emt 0:06:04]} Rc8 {[%emt 0:09:
43]} 28. Qxh5 {[%emt 0:03:45]} axb3 {[%emt 0:07:04]} 29. cxb3 {[%emt 0:00:04]}
Rc3 {[%emt 0:00:19]} 30. Qh8 {[%emt 0:01:36]} Rxb3+ {[%emt 0:03:12]} 31. Ka1 {
[%emt 0:00:01]} Qc4 {[%emt 0:00:34]} 32. Qxg7+ {[%emt 0:00:08]} Kd8 {[%emt 0:
00:20]} 33. Qxf6+ {[%emt 0:01:58]} Kc8 {[%emt 0:00:09]} 34. Qe6+ {[%emt 0:01:
21]} Kc7 {[%emt 0:01:05]} 35. Qe7+ {[%emt 0:00:28]} Kb6 {[%emt 0:01:03]} 36.
Qxd6+ {[%emt 0:00:37]} Ka5 {[%emt 0:00:02]} 37. Qc6 {[%emt 0:01:20]} Qe4 {
[%emt 0:00:52]} 38. axb3 {[%emt 0:00:27]} Qxg2 {[%emt 0:00:22]} 39. Rc1 {
[%emt 0:00:20]} 1-0

[Event "EICC 2021"]
[Site "Reykjavik"]
[Date "2021.08.30"]
[Round "5.34"]
[White "Subelj, Jan"]
[Black "Hillarp Persson, Tiger"]
[Result "1/2-1/2"]
[WhiteElo "2412"]
[BlackElo "2543"]
[Annotator "ChessBase"]
[PlyCount "42"]
[EventDate "2021.08.26"]
[EventType "swiss"]
[EventCountry "ISL"]
[Tiebreak "Cut1 Buchholz"]
[SourceTitle "playchess.com"]
[Source "ChessBase"]
[SourceQuality "1"]
[TimeControl "40/5400+30:1800+30"]

1. e4 {[%emt 0:00:06]} c5 {[%emt 0:00:12]} 2. Nf3 {[%emt 0:00:22]} d6 {[%emt 0:
00:09]} 3. Bb5+ {[%emt 0:00:52]} Nd7 {[%emt 0:00:08]} 4. O-O {[%emt 0:01:13]}
a6 {[%emt 0:00:06]} 5. Bd3 {[%emt 0:00:31]} Ngf6 {[%emt 0:07:20]} 6. Re1 {
[%emt 0:01:00]} e6 {[%emt 0:03:43]} 7. c3 {[%emt 0:01:33]} b5 {[%emt 0:00:54]}
8. Bc2 {[%emt 0:00:31]} c4 {[%emt 0:00:45]} 9. a4 {[%emt 0:00:56]} Bb7 {
[%emt 0:00:34]} 10. d4 {[%emt 0:00:35]} cxd3 {[%emt 0:00:08]} 11. Qxd3 {
[%emt 0:00:23]} Nc5 {[%emt 0:00:51]} 12. Qe2 {[%emt 0:00:08]} bxa4 {[%emt 0:00:
09]} 13. Be3 {[%emt 0:01:07]} Nfd7 {[%emt 0:00:29]} 14. Bxc5 {[%emt 0:00:52]}
Nxc5 {[%emt 0:00:13]} 15. Rxa4 {[%emt 0:00:17]} Be7 {[%emt 0:03:09]} 16. Rd4 {
[%emt 0:00:36]} O-O {[%emt 0:03:18]} 17. e5 {[%emt 0:03:29]} Bxf3 {[%emt 0:06:
11]} 18. Qxf3 {[%emt 0:00:49]} d5 {[%emt 0:00:31]} 19. b4 {[%emt 0:10:07]} Nd7
{[%emt 0:00:57]} 20. Qh5 {[%emt 0:01:26]} g6 {[%emt 0:09:43]} 21. Rg4 {[%emt 0:
00:36]} Bf6 {[%emt 0:03:40]} 1/2-1/2

[Event "EICC 2021"]
[Site "Reykjavik"]
[Date "2021.08.30"]
[Round "5.35"]
[White "Basso, Pier Luigi"]
[Black "Stefansson, Vignir Vatnar"]
[Result "1/2-1/2"]
[WhiteElo "2541"]
[BlackElo "2371"]
[Annotator "ChessBase"]
[PlyCount "95"]
[EventDate "2021.08.26"]
[EventType "swiss"]
[EventCountry "ISL"]
[Tiebreak "Cut1 Buchholz"]
[SourceTitle "playchess.com"]
[Source "ChessBase"]
[SourceQuality "1"]
[TimeControl "40/5400+30:1800+30"]

1. d4 {[%emt 0:04:36]} Nf6 {[%emt 0:01:15]} 2. c4 {[%emt 0:01:22]} e6 {[%emt 0:
00:28]} 3. Nc3 {[%emt 0:00:07]} d5 {[%emt 0:01:03]} 4. cxd5 {[%emt 0:00:06]}
exd5 {[%emt 0:01:19]} 5. Bg5 {[%emt 0:00:06]} Bb4 {[%emt 0:00:53]} 6. Nf3 {
[%emt 0:00:51]} h6 {[%emt 0:00:16]} 7. Bh4 {[%emt 0:00:14]} O-O {[%emt 0:00:11]
} 8. e3 {[%emt 0:00:04]} Bf5 {[%emt 0:00:08]} 9. Be2 {[%emt 0:01:28]} Nbd7 {
[%emt 0:00:21]} 10. Qb3 {[%emt 0:00:21]} Bxc3+ {[%emt 0:00:06]} 11. Qxc3 {
[%emt 0:00:11]} Ne4 {[%emt 0:01:17]} 12. Bxd8 {[%emt 0:39:39]} Nxc3 {[%emt 0:
00:16]} 13. bxc3 {[%emt 0:01:03]} Rfxd8 {[%emt 0:00:08]} 14. Nh4 {[%emt 0:00:
08]} Bh7 {[%emt 0:05:34]} 15. g4 {[%emt 0:00:11]} c5 {[%emt 0:04:57]} 16. Kd2 {
[%emt 0:03:39]} Rac8 {[%emt 0:04:41]} 17. a4 {[%emt 0:04:09]} Rc7 {[%emt 0:19:
50]} 18. a5 {[%emt 0:01:57]} Rdc8 {[%emt 0:00:34]} 19. Ra3 {[%emt 0:02:53]} Nf6
{[%emt 0:05:10]} 20. f3 {[%emt 0:00:50]} g5 {[%emt 0:00:37]} 21. Ng2 {[%emt 0:
01:23]} h5 {[%emt 0:01:09]} 22. h3 {[%emt 0:06:17]} Bg6 {[%emt 0:00:51]} 23.
Ne1 {[%emt 0:02:06]} hxg4 {[%emt 0:08:15]} 24. hxg4 {[%emt 0:00:10]} c4 {
[%emt 0:00:20]} 25. Bd1 {[%emt 0:02:43]} Kg7 {[%emt 0:06:07]} 26. Bc2 {[%emt 0:
02:20]} Rh8 {[%emt 0:15:17]} 27. Rxh8 {[%emt 0:00:16]} Kxh8 {[%emt 0:00:02]}
28. Bxg6 {[%emt 0:06:12]} fxg6 {[%emt 0:00:04]} 29. Ra1 {[%emt 0:00:14]} Kg8 {
[%emt 0:01:46]} 30. Nc2 {[%emt 0:00:46]} Rh7 {[%emt 0:00:19]} 31. Rb1 {[%emt 0:
00:20]} Rh2+ {[%emt 0:03:27]} 32. Kd1 {[%emt 0:00:09]} Rh1+ {[%emt 0:00:04]}
33. Ne1 {[%emt 0:00:06]} Rh7 {[%emt 0:00:04]} 34. Rb5 {[%emt 0:00:26]} Kf8 {
[%emt 0:00:29]} 35. Nc2 {[%emt 0:00:08]} Rd7 {[%emt 0:00:39]} 36. Na3 {[%emt 0:
03:04]} Re7 {[%emt 0:02:16]} 37. Ke2 {[%emt 0:00:59]} Ke8 {[%emt 0:00:22]} 38.
Nb1 {[%emt 0:06:12]} Kf7 {[%emt 0:03:47]} 39. Nd2 {[%emt 0:00:14]} Kg7 {
[%emt 0:00:19]} 40. Kf2 {[%emt 0:02:53]} Kh6 {[%emt 0:02:25]} 41. e4 {[%emt 0:
37:38]} dxe4 {[%emt 0:30:37]} 42. Nxe4 {[%emt 0:01:42]} Nxe4+ 43. fxe4 {
[%emt 0:00:25]} Rxe4 {[%emt 0:02:53]} 44. Rxb7 {[%emt 0:00:09]} Rf4+ {[%emt 0:
00:04]} 45. Kg3 {[%emt 0:00:00]} Re4 {[%emt 0:00:00]} 46. Rxa7 {[%emt 0:00:00]}
Re3+ {[%emt 0:00:00]} 47. Kf2 {[%emt 0:00:00]} Re2+ {[%emt 0:00:00]} 48. Kxe2 {
[%emt 0:00:00]} 1/2-1/2

[Event "EICC 2021"]
[Site "Reykjavik"]
[Date "2021.08.30"]
[Round "5.36"]
[White "Sousa, Andre Ventura"]
[Black "Suleymanli, Aydin"]
[Result "1-0"]
[WhiteElo "2405"]
[BlackElo "2536"]
[Annotator "ChessBase"]
[PlyCount "59"]
[EventDate "2021.08.26"]
[EventType "swiss"]
[EventCountry "ISL"]
[Tiebreak "Cut1 Buchholz"]
[SourceTitle "playchess.com"]
[Source "ChessBase"]
[SourceQuality "1"]
[TimeControl "40/5400+30:1800+30"]

1. e4 {[%emt 0:00:02]} c6 {[%emt 0:00:05]} 2. d4 {[%emt 0:00:06]} d5 {[%emt 0:
00:04]} 3. Nd2 {[%emt 0:00:03]} dxe4 {[%emt 0:00:13]} 4. Nxe4 {[%emt 0:00:05]}
Bf5 {[%emt 0:00:06]} 5. Qf3 {[%emt 0:00:04]} e6 {[%emt 0:00:34]} 6. Ne2 {
[%emt 0:00:04]} Nd7 {[%emt 0:01:17]} 7. N2g3 {[%emt 0:00:10]} g6 {[%emt 0:00:
59]} 8. c3 {[%emt 0:02:08]} Ndf6 {[%emt 0:05:24]} 9. Bc4 {[%emt 0:09:20]} Nd5 {
[%emt 0:05:00]} 10. Bg5 {[%emt 0:04:35]} Be7 {[%emt 0:01:53]} 11. Bxe7 {
[%emt 0:04:49]} Qxe7 {[%emt 0:00:39]} 12. O-O {[%emt 0:05:21]} Kf8 {[%emt 0:05:
20]} 13. Rfe1 {[%emt 0:06:05]} Rd8 {[%emt 0:02:59]} 14. Bb3 {[%emt 0:07:50]} h5
{[%emt 0:19:01]} 15. h3 {[%emt 0:15:13]} h4 {[%emt 0:03:39]} 16. Nxf5 {[%emt 0:
00:31]} gxf5 {[%emt 0:01:18]} 17. Nc5 {[%emt 0:00:19]} Rh6 {[%emt 0:01:56]} 18.
Rad1 {[%emt 0:04:44]} Ngf6 {[%emt 0:10:09]} 19. c4 {[%emt 0:04:22]} Nb6 {
[%emt 0:00:06]} 20. a4 {[%emt 0:02:19]} Rg6 {[%emt 0:04:35]} 21. a5 {[%emt 0:
00:49]} Nbd7 {[%emt 0:00:15]} 22. Nxb7 {[%emt 0:00:55]} Rb8 {[%emt 0:00:07]}
23. a6 {[%emt 0:00:28]} Qb4 {[%emt 0:06:07]} 24. d5 {[%emt 0:06:48]} Ne4 {
[%emt 0:11:25]} 25. dxe6 {[%emt 0:00:54]} Rxe6 {[%emt 0:00:15]} 26. Re3 {
[%emt 0:06:50]} Ng5 {[%emt 0:04:27]} 27. Qf4 {[%emt 0:01:46]} Rxe3 {[%emt 0:00:
19]} 28. Qxe3 {[%emt 0:00:41]} Nf6 {[%emt 0:01:47]} 29. Qxg5 {[%emt 0:02:37]}
Qxb3 {[%emt 0:00:06]} 30. Rd4 {[%emt 0:00:37]} 1-0

[Event "EICC 2021"]
[Site "Reykjavik"]
[Date "2021.08.30"]
[Round "5.37"]
[White "Petrov, Martin"]
[Black "D`Costa, Lorin"]
[Result "1/2-1/2"]
[WhiteElo "2521"]
[BlackElo "2381"]
[Annotator "ChessBase"]
[PlyCount "81"]
[EventDate "2021.08.26"]
[EventType "swiss"]
[EventCountry "ISL"]
[Tiebreak "Cut1 Buchholz"]
[SourceTitle "playchess.com"]
[Source "ChessBase"]
[SourceQuality "1"]
[TimeControl "40/5400+30:1800+30"]

1. e4 {[%emt 0:00:03]} c6 {[%emt 0:01:47]} 2. d4 {[%emt 0:00:39]} d5 {[%emt 0:
00:10]} 3. e5 {[%emt 0:00:28]} Bf5 {[%emt 0:00:24]} 4. Nf3 {[%emt 0:00:27]} e6
{[%emt 0:00:20]} 5. Be2 {[%emt 0:00:08]} Nd7 {[%emt 0:01:04]} 6. O-O {[%emt 0:
00:26]} h6 {[%emt 0:00:51]} 7. a4 {[%emt 0:02:05]} Ne7 {[%emt 0:03:02]} 8. a5 {
[%emt 0:02:28]} a6 {[%emt 0:01:55]} 9. b4 {[%emt 0:02:31]} Nc8 {[%emt 0:18:07]}
10. c3 {[%emt 0:00:06]} Be7 {[%emt 0:00:24]} 11. Nbd2 {[%emt 0:05:42]} Na7 {
[%emt 0:02:00]} 12. Nb3 {[%emt 0:01:40]} Nb5 {[%emt 0:01:44]} 13. Bd2 {[%emt 0:
01:12]} O-O {[%emt 0:12:10]} 14. Ne1 {[%emt 0:09:57]} f6 {[%emt 0:09:14]} 15.
f4 {[%emt 0:00:29]} fxe5 {[%emt 0:14:42]} 16. fxe5 {[%emt 0:01:25]} Bg5 {
[%emt 0:00:38]} 17. c4 {[%emt 0:44:07]} Nc7 {[%emt 0:12:37]} 18. Rc1 {[%emt 0:
01:36]} Qe7 {[%emt 0:02:09]} 19. Bxg5 {[%emt 0:04:59]} Qxg5 {[%emt 0:00:20]}
20. Rc3 {[%emt 0:00:03]} dxc4 {[%emt 0:04:34]} 21. Bxc4 {[%emt 0:03:33]} Rad8 {
[%emt 0:03:06]} 22. Rg3 {[%emt 0:10:19]} Qe7 {[%emt 0:00:51]} 23. Qc1 {[%emt 0:
00:30]} Kh8 {[%emt 0:01:39]} 24. Qc3 {[%emt 0:00:19]} Be4 {[%emt 0:03:03]} 25.
Rxf8+ {[%emt 0:01:30]} Rxf8 {[%emt 0:00:32]} 26. Nd2 {[%emt 0:00:33]} Nd5 {
[%emt 0:02:48]} 27. Bxd5 {[%emt 0:03:26]} Bxd5 {[%emt 0:00:25]} 28. Nef3 {
[%emt 0:00:08]} Rf4 {[%emt 0:01:39]} 29. h3 {[%emt 0:00:10]} Nf8 {[%emt 0:00:
44]} 30. Kh2 {[%emt 0:01:47]} Qf7 {[%emt 0:00:43]} 31. Nc4 {[%emt 0:01:19]}
Bxc4 {[%emt 0:00:47]} 32. Qxc4 {[%emt 0:00:02]} Ng6 {[%emt 0:00:28]} 33. Qc5 {
[%emt 0:01:48]} Ne7 {[%emt 0:00:50]} 34. Qd6 {[%emt 0:00:27]} Nf5 {[%emt 0:01:
09]} 35. Qb8+ {[%emt 0:00:55]} Kh7 {[%emt 0:00:31]} 36. Rg4 {[%emt 0:00:32]}
Rxg4 {[%emt 0:00:30]} 37. hxg4 {[%emt 0:00:04]} Nxd4 {[%emt 0:00:32]} 38. Nxd4
{[%emt 0:00:44]} Qf4+ {[%emt 0:00:04]} 39. Kh3 {[%emt 0:00:36]} Qxd4 {[%emt 0:
00:09]} 40. Qxb7 {[%emt 0:00:05]} Qe3+ {[%emt 0:00:23]} 41. g3 {[%emt 0:30:40]}
1/2-1/2